000 00601nam a2200193 a 4500
001 000023826
005 20200930022509.0
008 110114s2006 dr c 000 0 spa d
020 _a9993432061
040 _aDO-SdBNP
_bspa
_cBNPHU
082 _axxx
_bG633p
100 1 _aGómez Cerda, José
_98583
245 1 0 _aPensamiento y acción /
_cJosé Gómez Cerda ; prólogo Bryan Palmer.
260 _aSanto Domingo :
_bArgos,
_c2006.
300 _a159 p. :
_bretr. ;
_c24 cm.
500 _aIncluye datos biográficos del autor en las solapas
700 1 _aPalmer, Bryan,
_epról.
_949035
049 _aBNPD
999 _c23322
_d23322